00530nam a22001817a 450000500170000001000150001702000260003203500140005803700090007208200110008110000170009224500590010925000060016826000410017427000880021530000190030350000260032220260206110108.0 aENG-147465 a9789367139615c250.00 aEN-130997 bDBAD a07021 aSeth, Tanima aNTA CUET UG 2026:bEnglish Language Test/cTanima Seth a1 aNoidabPearson India Educationc2026 a15th Floor, Towe-B, World Trade Tower, Plot No.1, Block-C, Sector-16bNoidae201301 avpp.c23cm(pb) aPrevious Years Papers